Schreibt man das Land auf Englisch gleich? - Statistiken

Allgemein
  • Dieses Quiz wurde 103 mal gespielt
    74 seit der letzten Aktualisierung
  • Das Durchschnittsergebnis liegt bei 118 aus 196
Antwortstatistiken
Hint Extra Hint Explanation Antwort % Korrekt
Föderierte Staaten von Mikronesien Federated States of Micronesia Nein, man schreibt es anders
78%
Vereinigte Arabische Emirate United Arab Emirates Nein, man schreibt es anders
76%
Polen Poland Nein, man schreibt es anders
75%
Rumänien Romania Nein, man schreibt es anders
75%
Ägypten Egypt Nein, man schreibt es anders
73%
Dominikanische Republik Dominican Republic Nein, man schreibt es anders
73%
Türkei Turkey Nein, man schreibt es anders
73%
Dominica Ja, man schreibt es gleich
71%
Mali Ja, man schreibt es gleich
71%
Nicaragua Ja, man schreibt es gleich
71%
Algerien Algeria Nein, man schreibt es anders
71%
Argentinien Argentina Nein, man schreibt es anders
71%
Belgien Belgium Nein, man schreibt es anders
71%
Dänemark Denmark Nein, man schreibt es anders
71%
Elfenbeinküste Ivory Coast Nein, man schreibt es anders
71%
Italien Italy Nein, man schreibt es anders
71%
Moldawien Moldova Nein, man schreibt es anders
71%
Niederlande Netherlands Nein, man schreibt es anders
71%
Nordkorea North Korea Nein, man schreibt es anders
71%
Nordmazedonien North Macedonia Nein, man schreibt es anders
71%
Schweden Sweden Nein, man schreibt es anders
71%
Schweiz Switzerland Nein, man schreibt es anders
71%
Südafrika South Africa Nein, man schreibt es anders
71%
Vereinigte Staaten United States Nein, man schreibt es anders
71%
Ghana Ja, man schreibt es gleich
69%
Monaco Ja, man schreibt es gleich
69%
Nauru Ja, man schreibt es gleich
69%
Sudan Ja, man schreibt es gleich
69%
Togo Ja, man schreibt es gleich
69%
Tuvalu Ja, man schreibt es gleich
69%
Uruguay Ja, man schreibt es gleich
69%
Armenien Armenia Nein, man schreibt es anders
69%
Bolivien Bolivia Nein, man schreibt es anders
69%
Bulgarien Bulgaria Nein, man schreibt es anders
69%
Demokratische Republik Kongo Democratic Republic of the Congo Nein, man schreibt es anders
69%
Deutschland Germany Nein, man schreibt es anders
69%
Griechenland Greece Nein, man schreibt es anders
69%
Indonesien Indonesia Nein, man schreibt es anders
69%
Norwegen Norway Nein, man schreibt es anders
69%
Österreich Austria Nein, man schreibt es anders
69%
Russland Russia Nein, man schreibt es anders
69%
Slowenien Slovenia Nein, man schreibt es anders
69%
Südkorea South Korea Nein, man schreibt es anders
69%
Zentralafrikanische Republik Central African Republic Nein, man schreibt es anders
69%
Bahamas Ja, man schreibt es gleich
67%
Bhutan Ja, man schreibt es gleich
67%
Costa Rica Ja, man schreibt es gleich
67%
Grenada Ja, man schreibt es gleich
67%
Haiti Ja, man schreibt es gleich
67%
Iran Ja, man schreibt es gleich
67%
Myanmar Ja, man schreibt es gleich
67%
Nepal Ja, man schreibt es gleich
67%
Panama Ja, man schreibt es gleich
67%
Australien Australia Nein, man schreibt es anders
67%
Frankreich France Nein, man schreibt es anders
67%
Georgien Georgia Nein, man schreibt es anders
67%
Indien India Nein, man schreibt es anders
67%
Komoren Comorols Nein, man schreibt es anders
67%
Litauen Lithuania Nein, man schreibt es anders
67%
Neuseeland New Zealand Nein, man schreibt es anders
67%
Saudi-Arabien Saudi Arabia Nein, man schreibt es anders
67%
Südsudan South Sudan Nein, man schreibt es anders
67%
Tschechien Czechia Nein, man schreibt es anders
67%
Tunesien Tunisia Nein, man schreibt es anders
67%
Ungarn Hungary Nein, man schreibt es anders
67%
Vatikanstadt Vatican City Nein, man schreibt es anders
67%
Zypern Cyprus Nein, man schreibt es anders
67%
Andorra Ja, man schreibt es gleich
65%
Benin Ja, man schreibt es gleich
65%
Chile Ja, man schreibt es gleich
65%
El Salvador Ja, man schreibt es gleich
65%
Japan Ja, man schreibt es gleich
65%
Kosovo Ja, man schreibt es gleich
65%
Liberia Ja, man schreibt es gleich
65%
Malawi Ja, man schreibt es gleich
65%
Malta Ja, man schreibt es gleich
65%
Oman Ja, man schreibt es gleich
65%
Palau Ja, man schreibt es gleich
65%
Peru Ja, man schreibt es gleich
65%
San Marino Ja, man schreibt es gleich
65%
Senegal Ja, man schreibt es gleich
65%
Tonga Ja, man schreibt es gleich
65%
Äthiopien Ethiopia Nein, man schreibt es anders
65%
Estland Estonia Nein, man schreibt es anders
65%
Kolumbien Colombia Nein, man schreibt es anders
65%
Lettland Latvia Nein, man schreibt es anders
65%
Marokko Morocco Nein, man schreibt es anders
65%
Marshallinseln Marshall Islands Nein, man schreibt es anders
65%
Republik Kongo Republic of the Congo Nein, man schreibt es anders
65%
Serbien Serbia Nein, man schreibt es anders
65%
St. Vincent und die Grenadinen Saint Vincent and the Grenadines Nein, man schreibt es anders
65%
Syrien Syria Nein, man schreibt es anders
65%
Vereinigtes Königreich United Kingdom Nein, man schreibt es anders
65%
Barbados Ja, man schreibt es gleich
63%
Belarus Ja, man schreibt es gleich
63%
Burundi Ja, man schreibt es gleich
63%
China Ja, man schreibt es gleich
63%
Guinea Ja, man schreibt es gleich
63%
Honduras Ja, man schreibt es gleich
63%
Laos Ja, man schreibt es gleich
63%
Namibia Ja, man schreibt es gleich
63%
Niger Ja, man schreibt es gleich
63%
Nigeria Ja, man schreibt es gleich
63%
Paraguay Ja, man schreibt es gleich
63%
Portugal Ja, man schreibt es gleich
63%
Somalia Ja, man schreibt es gleich
63%
Sri Lanka Ja, man schreibt es gleich
63%
Vanuatu Ja, man schreibt es gleich
63%
Albanien Albania Nein, man schreibt es anders
63%
Kroatien Croatia Nein, man schreibt es anders
63%
Mongolei Mongolia Nein, man schreibt es anders
63%
Philippinen Philippines Nein, man schreibt es anders
63%
Slowakei Slovakia Nein, man schreibt es anders
63%
Tadschikistan Tajikistan Nein, man schreibt es anders
63%
Belize Ja, man schreibt es gleich
61%
Gambia Ja, man schreibt es gleich
61%
Guatemala Ja, man schreibt es gleich
61%
Guyana Ja, man schreibt es gleich
61%
Kiribati Ja, man schreibt es gleich
61%
Lesotho Ja, man schreibt es gleich
61%
Montenegro Ja, man schreibt es gleich
61%
Samoa Ja, man schreibt es gleich
61%
Sierra Leone Ja, man schreibt es gleich
61%
Suriname Ja, man schreibt es gleich
61%
Uganda Ja, man schreibt es gleich
61%
Vietnam Ja, man schreibt es gleich
61%
Bosnien und Herzegowina Bosnia and Herzegovina Nein, man schreibt es anders
61%
Brasilien Brazil Nein, man schreibt es anders
61%
Irland Ireland Nein, man schreibt es anders
61%
Libyen Libya Nein, man schreibt es anders
61%
Spanien Spain Nein, man schreibt es anders
61%
Angola Ja, man schreibt es gleich
59%
Bahrain Ja, man schreibt es gleich
59%
Ecuador Ja, man schreibt es gleich
59%
Eritrea Ja, man schreibt es gleich
59%
Eswatini Ja, man schreibt es gleich
59%
Israel Ja, man schreibt es gleich
59%
Malaysia Ja, man schreibt es gleich
59%
Äquatorial-Guinea Equatorial Guinea Nein, man schreibt es anders
59%
Irak Iraq Nein, man schreibt es anders
59%
Jordanien Jordan Nein, man schreibt es anders
59%
Kambodscha Cambodia Nein, man schreibt es anders
59%
Kamerun Cameroon Nein, man schreibt es anders
59%
Kanada Canada Nein, man schreibt es anders
59%
Kuba Cuba Nein, man schreibt es anders
59%
Mauretanien Mauritania Nein, man schreibt es anders
59%
Mexiko Mexico Nein, man schreibt es anders
59%
Brunei Ja, man schreibt es gleich
57%
Burkina Faso Ja, man schreibt es gleich
57%
Kuwait Ja, man schreibt es gleich
57%
Taiwan Ja, man schreibt es gleich
57%
Venezuela Ja, man schreibt es gleich
57%
Island Iceland Nein, man schreibt es anders
57%
Mosambik Mozambique Nein, man schreibt es anders
57%
Osttimor East Timor Nein, man schreibt es anders
57%
Mauritius Ja, man schreibt es gleich
55%
Pakistan Ja, man schreibt es gleich
55%
Aserbaidschan Azerbaijan Nein, man schreibt es anders
55%
Malediven Maldives Nein, man schreibt es anders
55%
Finnland Finland Nein, man schreibt es anders
53%
Katar Qatar Nein, man schreibt es anders
53%
Salomonen Solomon Islands Nein, man schreibt es anders
53%
Trinidad und Tobago Trinidad and Tobago Nein, man schreibt es anders
53%
Tschad Chad Nein, man schreibt es anders
53%
Afghanistan Ja, man schreibt es gleich
51%
Guinea-Bissau Ja, man schreibt es gleich
51%
Thailand Ja, man schreibt es gleich
51%
Antigua und Barbuda Antigua and Barbuda Nein, man schreibt es anders
51%
Kasachstan Kazakhstan Nein, man schreibt es anders
51%
Madagaskar Madagascar Nein, man schreibt es anders
51%
Botswana Ja, man schreibt es gleich
49%
Luxemburg Luxembourg Nein, man schreibt es anders
49%
Turkmenistan Ja, man schreibt es gleich
47%
Ukraine Ja, man schreibt es gleich
47%
Seychellen Seychelles Nein, man schreibt es anders
47%
Bangladesch Bangladesh Nein, man schreibt es anders
45%
Jemen Yemen Nein, man schreibt es anders
45%
Kirgisistan Kyrgyzstan Nein, man schreibt es anders
45%
São Tomé und Príncipe São Tomé and Príncipe Nein, man schreibt es anders
45%
Dschibuti Djibouti Nein, man schreibt es anders
43%
Kap Verde Cape Verde Nein, man schreibt es anders
41%
St. Kitts und Nevis Saint Kitts and Nevis Nein, man schreibt es anders
41%
Fidschi Fiji Nein, man schreibt es anders
39%
Libanon Lebanon Nein, man schreibt es anders
39%
Usbekistan Uzbekistan Nein, man schreibt es anders
39%
Papua-Neuguinea Papua New Guinea Nein, man schreibt es anders
37%
Simbabwe Zimbabwe Nein, man schreibt es anders
37%
Singapur Singapore Nein, man schreibt es anders
33%
Jamaika Jamaica Nein, man schreibt es anders
31%
Liechtenstein Ja, man schreibt es gleich
29%
Kenia Kenya Nein, man schreibt es anders
29%
Ruanda Rwanda Nein, man schreibt es anders
29%
Sambia Zambia Nein, man schreibt es anders
29%
Tansania Tanzania Nein, man schreibt es anders
29%
Gabun Gabon Nein, man schreibt es anders
27%
St. Lucia ausgeschrieben Saint Lucia Nein, man schreibt es anders
20%
Keine übereinstimmenden Quizze gefunden
Verteilung der Resultate
Anzahl Personen mit jedem Resultat
Perzentil nach korrekt beantworteten Fragen
Ihre Resultats-Entwicklung
Sie haben dieses Quiz seit der letzten Aktualisierung nicht gespielt